El conejo y el coyote / (Record no. 18166)
[ view plain ]
| 000 -LEADER | |
|---|---|
| fixed length control field | 01070pam a2200313 i 4500 |
| 001 - CONTROL NUMBER | |
| control field | sjds170123 |
| 003 - CONTROL NUMBER IDENTIFIER | |
| control field | sjds |
| 005 - DATE AND TIME OF LATEST TRANSACTION | |
| control field | 20170707161527.0 |
| 008 - FIXED-LENGTH DATA ELEMENTS--GENERAL INFORMATION | |
| fixed length control field | 920923t19931993maua j 000 0 spa |
| 020 ## - INTERNATIONAL STANDARD BOOK NUMBER | |
| International Standard Book Number | 9780395787816 (pbk.) |
| 020 ## - INTERNATIONAL STANDARD BOOK NUMBER | |
| International Standard Book Number | 0395787815 (pbk.) |
| 040 ## - CATALOGING SOURCE | |
| Original cataloging agency | DLC |
| Description conventions | rda |
| Transcribing agency | sjds |
| Modifying agency | sjds |
| 082 00 - DEWEY DECIMAL CLASSIFICATION NUMBER | |
| Classification number | 398.24/5 |
| -- | E |
| Edition number | 20 |
| 090 ## - LOCALLY ASSIGNED LC-TYPE CALL NUMBER (OCLC); LOCAL CALL NUMBER (OCLC) | |
| Classification number (OCLC) (R) ; Classification number, CALL (RLIN) (NR) | J 398.2 Koh |
| 100 1# - MAIN ENTRY--PERSONAL NAME | |
| Personal name | Kohen, Clarita, |
| Dates associated with a name | 1943- |
| 245 13 - TITLE STATEMENT | |
| Title | El conejo y el coyote / |
| Statement of responsibility, etc. | Clarita Kohen ; ilustraciones de Gina Menicucci. |
| 260 ## - PUBLICATION, DISTRIBUTION, ETC. (IMPRINT) | |
| Place of publication, distribution, etc. | Boston, MA : |
| Name of publisher, distributor, etc. | Houghton Mifflin, |
| Date of publication, distribution, etc. | 1997, c1993 |
| 300 ## - PHYSICAL DESCRIPTION | |
| Extent | 27 pages : |
| Other physical details | color illustrations ; |
| Dimensions | 26 cm. |
| 336 ## - CONTENT TYPE | |
| Content type term | text |
| Content type code | txt |
| Source | rdacontent. |
| 337 ## - MEDIA TYPE | |
| Media type term | unmediated |
| Media type code | n |
| Source | rdamedia. |
| 338 ## - CARRIER TYPE | |
| Carrier type term | volume |
| Carrier type code | nc |
| Source | rdacarrier. |
| 520 ## - SUMMARY, ETC. | |
| Summary, etc. | In this rhyming adaptation of the traditional Mexican tale, the coyote tries to trick the rabbit with humorous results. |
| 650 #0 - SUBJECT ADDED ENTRY--TOPICAL TERM | |
| Topical term or geographic name as entry element | Folklore |
| Geographic subdivision | Mexico. |
| 655 #1 - INDEX TERM--GENRE/FORM | |
| Genre/form data or focus term | Stories in rhyme. |
| 655 #0 - INDEX TERM--GENRE/FORM | |
| Genre/form data or focus term | Spanish language materials. |
| 655 #0 - INDEX TERM--GENRE/FORM | |
| Genre/form data or focus term | Juvenile literature. |
| 700 1# - ADDED ENTRY--PERSONAL NAME | |
| Personal name | Menicucci, Gina, |
| Relator term | illustrator. |
| 942 ## - ADDED ENTRY ELEMENTS (KOHA) | |
| Source of classification or shelving scheme | Dewey Decimal Classification |
| Koha item type | Libro/Book |
| Withdrawn status | Lost status | Source of classification or shelving scheme | Damaged status | Not for loan | Home library | Current library | Date acquired | Total Checkouts | Full call number | Barcode | Date last seen | Price effective from | Koha item type |
|---|---|---|---|---|---|---|---|---|---|---|---|---|---|
| Dewey Decimal Classification | Zaragoza -- Satellite | Zaragoza -- Satellite | 07/07/2017 | 398.24/5 | 35501582 | 07/07/2017 | 07/07/2017 | Libro/Book |